SoS Environment v Fletcher Estates (Harlescott) Limited and others (Record no. 58739)
[ view plain ]
| 000 -LEADER | |
|---|---|
| fixed length control field | 01345cab a2200253 4500 |
| 001 - CONTROL NUMBER | |
| control field | ABS60467 |
| 008 - FIXED-LENGTH DATA ELEMENTS--GENERAL INFORMATION | |
| fixed length control field | 090401t1999 xxu||||| |||| 00| 0 eng d |
| 035 ## - SYSTEM CONTROL NUMBER | |
| System control number | (Sirsi) u92671 |
| 041 ## - LANGUAGE CODE | |
| Language code of text/sound track or separate title | eng |
| 245 ## - TITLE STATEMENT | |
| Title | SoS Environment v Fletcher Estates (Harlescott) Limited and others |
| 260 ## - PUBLICATION, DISTRIBUTION, ETC. | |
| Date of publication, distribution, etc. | 1999 |
| 350 ## - PRICE (NR) (BK AM CF MU VM SE) [OBSOLETE] | |
| Price | 0 |
| 490 ## - SERIES STATEMENT | |
| Series statement | Rating & Valuation Reporter |
| Volume/sequential designation | [1999] 39 RVR, 35-40(6) |
| 520 ## - SUMMARY, ETC. | |
| Summary, etc. | CA 11 June 1998. When considering the grant of a certificate of appropriate alternative development under the Land Compensation Act 1961 s 17 (14), the relevant date at which the decision had to be made was the date of the publication of the notice of the compulsory purchase order, discounting only that acquisition and the proposal underlying it as it stood on the date of the notice, which could be conveniently expressed as a decision on the basis that the proposal had been cancelled on the date of that notice. |
| 650 ## - SUBJECT ADDED ENTRY--TOPICAL TERM | |
| Topical term or geographic name entry element | ALTERNATIVE DEVELOPMENT CERTIFICATE |
| 650 ## - SUBJECT ADDED ENTRY--TOPICAL TERM | |
| Topical term or geographic name entry element | COMPULSORY PURCHASE ORDERS |
| 650 ## - SUBJECT ADDED ENTRY--TOPICAL TERM | |
| Topical term or geographic name entry element | Compulsory purchase |
| 9 (RLIN) | 6228 |
| 650 ## - SUBJECT ADDED ENTRY--TOPICAL TERM | |
| Topical term or geographic name entry element | LAND COMPENSATION ACT 1961 S17 |
| 650 ## - SUBJECT ADDED ENTRY--TOPICAL TERM | |
| Topical term or geographic name entry element | RELEVANT DATES |
| 650 ## - SUBJECT ADDED ENTRY--TOPICAL TERM | |
| Topical term or geographic name entry element | SOS ENVIRONMENT V FLETCHER ESTATES (HARLESCOTT) LTD |
| 690 ## - LOCAL SUBJECT ADDED ENTRY--TOPICAL TERM (OCLC, RLIN) | |
| Topical term or geographic name as entry element | ENVIRONMENTAL AND LAND CONSULTANCY-PLANNING AND DEVELOPMENT-COMPULSORY PURCHASE AND COMPENSATION |
| 942 ## - ADDED ENTRY ELEMENTS (KOHA) | |
| Suppress in OPAC | 0 |
| 948 ## - LOCAL PROCESSING INFORMATION (OCLC); SERIES PART DESIGNATOR (RLIN) | |
| c (OCLC) | 12/04/1999 |
| Withdrawn status | Lost status | Source of classification or shelving scheme | Damaged status | Not for loan | Home library | Current library | Shelving location | Date acquired | Total Checkouts | Full call number | Barcode | Date last seen | Copy number | Price effective from | Koha item type |
|---|---|---|---|---|---|---|---|---|---|---|---|---|---|---|---|
| Dewey Decimal Classification | London | London | Journal article | 14/09/1999 | ABS60467 | 92671-1001 | 06/08/2019 | 1 | 06/08/2019 | Law report |